000 00476nam a2200181Ia 4500
003 GCL
008 140319s9999 xx 000 0 eng d
040 _aGCL /
_cGCL
082 0 4 _a745.4
_bW D
100 1 _aWATERMAN, V.
245 1 0 _aDESIGN YOUR OWN REPEAT PATTERNS: A QUICK AND EASY APPROACH /
_cWATERMAN, V.
260 _a[S.N] :
_bDOVER PUBLICATIONS,INC. ،
_c1986
300 _a48 P
650 0 4 _aARTS
650 0 4 _aDESIGN
650 0 4 _aDECORATION
942 _2ddc
_cBK
999 _c21094
_d21094